Educación tecnológica - educación física: una propuesta de interdisciplinariedad
-д хадгалсан:
| Үндсэн зохиолчид: | , |
|---|---|
| Формат: | Ном |
| Хэл сонгох: | испани |
| Хэвлэсэн: |
Santiago
CPEIP
1995
|
| Цуврал: | Acción Pedagógica y Creatividad. Guía de aprendizaje
|
| Нөхцлүүд: | |
| Шошгууд: |
Шошго нэмэх
Шошго байхгүй, Энэхүү баримтыг шошголох эхний хүн болох!
|
MARC
| LEADER | 00000nam a2200000 a 4500 | ||
|---|---|---|---|
| 001 | UCO3374 | ||
| 003 | CL-VaPUC | ||
| 008 | 000720e19950400CL |||||||||||||||||spa|d | ||
| 082 | 0 | 4 | |a 372.86 |b GON |2 21 |
| 100 | 0 | |a González Pozo, Rosa |e author |9 447520 | |
| 700 | 0 | |a Soto Cornejo, Mónica |e author |9 447521 | |
| 245 | 1 | 0 | |a Educación tecnológica - educación física: una propuesta de interdisciplinariedad |
| 300 | |a 46 p | ||
| 942 | |c BK | ||
| 945 | |d 20000720 00:00:00 |a cmena | ||
| 260 | |a Santiago |b CPEIP |c 1995 | ||
| 650 | 0 | |a Educación física |9 240893 | |
| 650 | 0 | |a Educación básica |9 224933 | |
| 650 | 0 | |a Expresión corporal |9 308898 | |
| 650 | 0 | |a Planificación de la educación |9 307333 | |
| 583 | |a last modification |c 20000720 00:00:00 |k Rodrigo Vera | ||
| 490 | 0 | |a Acción Pedagógica y Creatividad. Guía de aprendizaje | |
| 999 | |c 289831 |d 289829 | ||
| 952 | |0 0 |1 0 |4 0 |6 372_860000000000000_GON_1995 |7 0 |8 P |9 338605 |a BIBEDU |b BIBEDU |c BIBEDU_PB |d 2019-11-20 |i 3631109 |o 372.86 GON 1995 |p 3631109 |r 2019-11-20 |w 2019-11-20 |y BK |k BME | ||